000
00308 a2200145 4500
001
48240
020
_a
9788538033974
040
_c
Anchieta - Aquarius
240
1
0
_a
Brincando na selva
_l
por
245
1
0
_a
Brincando na selva
300
_a
8
362
0
_a
2013
650
4
_a
Literatura infantil
942
_c
BK
999
_c
48240
_d
48240